<?xml version="1.0" encoding="UTF-8"?>
<collection xmlns:xsi="http://www.w3.org/2001/XMLSchema-instance" xsi:schemaLocation="http://www.loc.gov/MARC21/slim http://www.loc.gov/standards/marcxml/schema/MARC21slim.xsd" xmlns="http://www.loc.gov/MARC21/slim">
 <record>
  <leader>00000cam a22000004a 4500</leader>
  <controlfield tag="001">UP-99796217611134676</controlfield>
  <controlfield tag="003">Buklod</controlfield>
  <controlfield tag="005">20140221143845.0</controlfield>
  <controlfield tag="006">aa    r     ||| u </controlfield>
  <controlfield tag="007">ta</controlfield>
  <controlfield tag="008">070824s2008    miua    rb   s001 0|eng d</controlfield>
  <datafield tag="020" ind1=" " ind2=" ">
   <subfield code="a">9780472050079 (pbk. : alk. paper)</subfield>
  </datafield>
  <datafield tag="020" ind1=" " ind2=" ">
   <subfield code="a">0472050079 (pbk. : alk. paper)</subfield>
  </datafield>
  <datafield tag="035" ind1=" " ind2=" ">
   <subfield code="a">(iLib)UPD-00212406779</subfield>
  </datafield>
  <datafield tag="040" ind1=" " ind2=" ">
   <subfield code="a">DLC</subfield>
   <subfield code="d">DECON</subfield>
  </datafield>
  <datafield tag="041" ind1="0" ind2=" ">
   <subfield code="a">eng</subfield>
  </datafield>
  <datafield tag="042" ind1=" " ind2=" ">
   <subfield code="a">DMLUC</subfield>
  </datafield>
  <datafield tag="090" ind1=" " ind2=" ">
   <subfield code="a">HB 137</subfield>
   <subfield code="b">Z55 2008</subfield>
  </datafield>
  <datafield tag="100" ind1="1" ind2=" ">
   <subfield code="a">Ziliak, Stephen Thomas</subfield>
   <subfield code="d">1963-</subfield>
  </datafield>
  <datafield tag="245" ind1="1" ind2="4">
   <subfield code="a">The cult of statistical significance</subfield>
   <subfield code="b">how the standard error costs us jobs, justice, and lives</subfield>
   <subfield code="c">by Stephen T. Ziliak and Deirdre N. McCloskey.</subfield>
  </datafield>
  <datafield tag="264" ind1=" " ind2="1">
   <subfield code="a">Ann Arbor</subfield>
   <subfield code="b">University of Michigan Press</subfield>
   <subfield code="c">c2008.</subfield>
  </datafield>
  <datafield tag="300" ind1=" " ind2=" ">
   <subfield code="a">xxiii, 321 p.</subfield>
   <subfield code="b">ill.</subfield>
  </datafield>
  <datafield tag="490" ind1="0" ind2=" ">
   <subfield code="a">Economics, cognition, and society</subfield>
  </datafield>
  <datafield tag="505" ind1="0" ind2=" ">
   <subfield code="a">A significant problem -- Dieting &quot;significance&quot; and the case of Vioxx -- The sizeless stare of statistical significance -- What the sizeless scientists say in defense -- Better practice: [beta]-importance vs. [alpha]-&quot;significance&quot; -- A lot can go wrong in the use of significance tests in economics -- A lot did go wrong in the American Economic Review during the 1980s -- Is economic practice improving? -- How big is big in economics? -- What the sizeless stare costs, economically speaking -- How economics stays that way: the textbooks and the referees -- The not-boring rise of significance in psychology -- Psychometrics lacks power -- The psychology of psychological significance testing -- Medicine seeks a magic pill -- Rothman's revolt -- On drugs, disability, and death -- Edgeworth's significance -- &quot;Take 3[sigma] as definitely significant&quot;: Pearson's rule -- Who sits on the egg of culculus canorus? Not Karl Pearson -- Gosset: the fable of the bee -- Fisher: the fable of the wasp -- How the wasp stung the bee and took over some sciences -- Eighty years of trained incapacity: how such a thing could happen -- What to do.</subfield>
  </datafield>
  <datafield tag="591" ind1=" " ind2=" ">
   <subfield code="a">Acquired through Health Policy Development Program (HPDP) research grant.</subfield>
  </datafield>
  <datafield tag="650" ind1="1" ind2="0">
   <subfield code="a">Economics</subfield>
   <subfield code="x">Statistical methods.</subfield>
  </datafield>
  <datafield tag="650" ind1=" " ind2="0">
   <subfield code="a">Statistics</subfield>
   <subfield code="x">Social aspects.</subfield>
  </datafield>
  <datafield tag="650" ind1=" " ind2="0">
   <subfield code="a">Statistical hypothesis testing</subfield>
   <subfield code="x">Social aspects.</subfield>
  </datafield>
  <datafield tag="700" ind1="1" ind2=" ">
   <subfield code="a">McCloskey, Deirdre N.</subfield>
  </datafield>
  <datafield tag="856" ind1="4" ind2="2">
   <subfield code="3">Table of contents only</subfield>
   <subfield code="u">http://www.loc.gov/catdir/toc/ecip0726/2007035401.html</subfield>
  </datafield>
  <datafield tag="905" ind1=" " ind2=" ">
   <subfield code="a">FO</subfield>
  </datafield>
  <datafield tag="950" ind1=" " ind2=" ">
   <subfield code="a">Monograph</subfield>
  </datafield>
  <datafield tag="852" ind1="0" ind2=" ">
   <subfield code="a">UPD</subfield>
   <subfield code="b">DECON</subfield>
   <subfield code="h">HB 137</subfield>
   <subfield code="i">Z55 2008</subfield>
  </datafield>
  <datafield tag="942" ind1=" " ind2=" ">
   <subfield code="a">Book</subfield>
  </datafield>
 </record>
</collection>
